Your child with a deformity : (Record no. 183194)
[ view plain ]
| 000 -LEADER | |
|---|---|
| fixed length control field | 01060 a2200193 4500 |
| 003 - CONTROL NUMBER IDENTIFIER | |
| control field | Nust |
| 005 - DATE AND TIME OF LATEST TRANSACTION | |
| control field | 20221017121109.0 |
| 020 ## - INTERNATIONAL STANDARD BOOK NUMBER | |
| International Standard Book Number | 9698535004 |
| 040 ## - CATALOGING SOURCE | |
| Transcribing agency | Nust |
| 082 ## - DEWEY DECIMAL CLASSIFICATION NUMBER | |
| Classification number | 617.37,HAS |
| 100 ## - MAIN ENTRY--PERSONAL NAME | |
| Personal name | Hashmi, M.A. |
| 9 (RLIN) | 100429 |
| 245 ## - TITLE STATEMENT | |
| Title | Your child with a deformity : |
| Remainder of title | a guide to birth defects in children / |
| Statement of responsibility, etc. | Dr M.A Hashmi, Dr Sonya Hashmi |
| 250 ## - EDITION STATEMENT | |
| Edition statement | 1st ed. |
| 260 ## - PUBLICATION, DISTRIBUTION, ETC. | |
| Place of publication, distribution, etc. | Islamabad |
| Name of publisher, distributor, etc. | Maryah Printers |
| Date of publication, distribution, etc. | 2000 |
| 300 ## - PHYSICAL DESCRIPTION | |
| Extent | 318:p |
| 505 ## - FORMATTED CONTENTS NOTE | |
| Formatted contents note | What Are Deformities (Page-1), What Causes Deformities (Page-11), Genes and Genetics (Page-29), How do we Inherit Problems (Page-45), Genetic Basis of Common Diseases (Page-61), What can be Done (Page-81), Some New Concepts (Page-101), Genetic Counseling (Page-113), Ethical Considerations (Page-121), Clinical Problems A-B (Page-125), Clinical Problems C-D (Page-144), Clinical Problems E-H (Page-179), Clinical Problems I-L (Page-205), Clinical Problems M-P (Page-221), Clinical Problems Q-T (Page-257), Clinical Problems U-Z (Page-281). |
| 650 ## - SUBJECT ADDED ENTRY--TOPICAL TERM | |
| Topical term or geographic name entry element | Your Child With A Deformity |
| 9 (RLIN) | 100430 |
| 942 ## - ADDED ENTRY ELEMENTS (KOHA) | |
| Source of classification or shelving scheme | |
| Koha item type | Book |
| Withdrawn status | Lost status | Source of classification or shelving scheme | Damaged status | Not for loan | Permanent Location | Current Location | Shelving location | Date acquired | Full call number | Barcode | Date last seen | Price effective from | Koha item type | Public note |
|---|---|---|---|---|---|---|---|---|---|---|---|---|---|---|
| Military College of Signals (MCS) | Military College of Signals (MCS) | General Stacks | 12/12/2016 | 617.37,HAS | MCS28736 | 12/08/2016 | 12/12/2016 | Book | Almirah No.26, Shelf No.4 |
